|
|
|
|
| LEADER |
00922nam a2200265 a 4500 |
| 001 |
30061 |
| 003 |
BD-DhAAL |
| 005 |
20151025124214.0 |
| 008 |
151025r20122011ii a b 001 0 eng |
| 020 |
|
|
|a 8131516849
|
| 020 |
|
|
|a 9788131516843
|
| 040 |
|
|
|a DLC
|c DLC
|d DLC
|d BD-DhAAL
|
| 050 |
0 |
0 |
|a HF5681.B2
|b G49 1998
|
| 082 |
0 |
0 |
|a 657.3
|2 21
|
| 100 |
1 |
|
|a Gibson, Charles H.,
|d 1939-
|9 15729
|
| 245 |
1 |
0 |
|a Financial statement analysis /
|c Charles H. Gibson.
|
| 250 |
|
|
|a 12th ed.
|
| 260 |
|
|
|a New Delhi :
|b Cengage Learning,
|c c2011 [repritend 2012]
|
| 300 |
|
|
|a xx, 610 p. :
|b ill. ;
|c 24 cm.
|
| 504 |
|
|
|a Includes bibliographical references and index.
|
| 541 |
|
|
|e 30061
|
| 650 |
|
0 |
|a Financial statements.
|9 7411
|
| 942 |
|
|
|2 ddc
|c BK
|
| 999 |
|
|
|c 35907
|d 35907
|
| 952 |
|
|
|0 0
|1 0
|2 ddc
|4 0
|6 657_300000000000000_GIB
|7 0
|9 56424
|a CED
|b CED
|c GEN
|d 2015-10-25
|e STS International
|g 893.00
|l 0
|o 657.3 GIB
|p 3010030061
|r 2015-10-25
|t 1
|w 2015-10-25
|y BK
|